书目信息 |
| 题名: |
天然沸石吸附
|
|
| 作者: | 温东辉 著 | |
| 分册: | ||
| 出版信息: | 北京 中国环境科学出版社 2003.11 |
|
| 页数: | ⅩⅣ, 221页 | |
| 开本: | 21cm | |
| 丛书名: | 环境博士文库 | |
| 单 册: | ||
| 中图分类: | X524 | |
| 科图分类: | ||
| 主题词: | 滇池--流域--污染控制 , 沸石--吸附 | |
| 电子资源: | ||
| ISBN: | 7-80163-789-5 | |
| 000 | 01454nam2 2200289 450 | |
| 001 | 010231404343 | |
| 005 | 20050906153431.40 | |
| 010 | @a7-80163-789-5@dCNY19.00 | |
| 100 | @a20050808d2003 km y0chiy0120 ea | |
| 101 | 0 | @achi |
| 102 | @aCN@b110000 | |
| 105 | @aa a 000yy | |
| 200 | 1 | @a天然沸石吸附@Atian ran fei shi xi fu@e生物再生技术及其在滇池流域暴雨径流污染控制中的试验与机理研究@d= Experiment and mechanism study on the adsorption- bioregeneration technology of natural zeolite applied in the pollution control of the storm runoff in Dianchi basin@f温东辉著@Fwen dong hui zhu@zeng |
| 210 | @a北京@c中国环境科学出版社@d2003.11 | |
| 215 | @aⅩⅣ, 221页@c图@d21cm | |
| 225 | 2 | @a环境博士文库 |
| 320 | @a有书目 (第210-221页) | |
| 330 | @a本书系统研究了天然沸石吸附-生物再生技术,并针对滇池流域暴雨径流的污染控制,进行了模拟试验与机理研究。 | |
| 410 | 0 | @12001 @a环境博士文库 |
| 510 | 1 | @a Experiment and mechanism study on the adsorption- bioregeneration technology of natural zeolite applied in the pollution control of the storm runoff in Dianchi basin |
| 517 | 1 | @a生物再生技术及其在滇池流域暴雨径流污染控制中的试验与机理研究@Asheng wu zai sheng ji shu ji qi zai dian chi liu yu bao yu jing liu wu ran kong zhi zhong de shi yan yu ji li yan jiu |
| 606 | 0 | @a滇池@x流域@x污染控制 |
| 606 | 0 | @a沸石@x吸附 |
| 690 | @aX524@v4 | |
| 701 | 0 | @a温东辉@Awen dong hui@4著 |
| 801 | 0 | @aCN@bQSSK@c20050906 |
| 905 | @a10447@dX524@eW616 | |
| 天然沸石吸附:生物再生技术及其在滇池流域暴雨径流污染控制中的试验与机理研究= Experiment and mechanism study on the adsorption- bioregeneration technology of natural zeolite applied in the pollution control of the storm runoff in Dianchi basin/温东辉著.-北京:中国环境科学出版社,2003.11 |
| ⅩⅣ, 221页:图;21cm.-(环境博士文库) |
| ISBN 7-80163-789-5:CNY19.00 |
| 本书系统研究了天然沸石吸附-生物再生技术,并针对滇池流域暴雨径流的污染控制,进行了模拟试验与机理研究。 |
| ● |
| 相关链接 |
|
|
|
正题名:天然沸石吸附
索取号:X524/W616
 
预约/预借
| 序号 | 登录号 | 条形码 | 馆藏地/架位号 | 状态 | 备注 |
| 1 | 560249 | 205602490 | 自科二线400A/400A自科库 25排2列1层/ [索取号:X524/W616] | 在馆 | |
| 2 | 560250 | 205602506 | 自科库501/501自科库 102排1列1层/ [索取号:X524/W616] | 在馆 | |
| 3 | 560251 | 205602515 | 自科二线400A/400A自科库 25排2列1层/ [索取号:X524/W616] | 在馆 |